000 00411nam a2200133Ia 4500
008 151001s9999||||xx |||||||||||||| ||und||
100 _aमोडक एस ई
245 _aगुन्हेगारांना इथे ना थारा
250 _a1
260 _bप्रेस्टीज पब्लिकेशन पुणे
260 _c1978
300 _a324
365 _b21
999 _c965470
_d965467